| 000 | 00768nam a2200289Ia 4500 | ||
|---|---|---|---|
| 005 | 20260324111411.0 | ||
| 008 | 008 260324s9999 xx 000 0 eng d | ||
| 020 | _a9781003291732 | ||
| 037 | _aEBOOK | ||
| 040 | _aCRL | ||
| 040 | _beng | ||
| 040 | _cCRL | ||
| 041 | _2eng | ||
| 041 | _aeng | ||
| 084 | _qCRL | ||
| 100 |
_aEdward McLean Test; Marta Albalá PelegrĂn _91138404 |
||
| 245 | 4 | _aThe Lieutenant Nun | |
| 245 | 0 | _bAnnotated Translation of the Play, Historical Accounts and Documents about Antonio/Catalina de Erauso | |
| 260 | _bTaylor and Francis | ||
| 260 | _c2025 | ||
| 365 | _a | ||
| 365 | _b230 | ||
| 856 | _uhttp://www.taylorfrancis.com/books/9781003291732 | ||
| 942 | _cEBOOK | ||
| 999 |
_c1727212 _d1727212 |
||